Statistics for Madden 17 Top Offensive Players

Click here to take the quiz!

General Stats

  • This quiz has been taken 1,417 times
  • The average score is 10 of 20

Answer Stats

RatingAnswer% Correct
94Tom Brady
98%
99Rob Gronkowski
87%
96Aaron Rodgers
85%
97Antonio Brown
77%
96Julio Jones
68%
93Odell Beckham Jr
62%
94Le'Veon Bell
61%
91Russell Wilson
59%
91Adrian Peterson
56%
94Cam Newton
56%
93Ben Roethlisberger
51%
93A.J. Green
37%
93DeAndre Hopkins
33%
89Jimmy Graham
32%
93Greg Olsen
31%
89Jamaal Charles
26%
93Delanie Walker
20%
90Tyler Eifert
19%
90Doug Martin
15%
88Lamar Miller
14%

Score Distribution

Percentile by Number Answered

Percent of People with Each Score

Your Score History

You have not taken this quiz